000
00292nam a22001337a 4500
008
181025b xxu||||| |||| 00| 0 eng d
020
_a
2900073407455
041
_a
eng
080
_2
7th
_a
610
100
_a
4
101
_a
SHM
245
_a
Biomedical Ethics
_c
Degrazia,D
942
_2
udc
_c
BK
999
_c
50893
_d
50893